Emperors of the Qing Dynasty - Statistics

General Stats
  • This quiz has been taken 117 times
  • The average score is 7 of 10
Answer Stats
Reign Emperor % Correct
1908-1912 Xuantong
91%
1661-1722 Kangxi
89%
1735-1796 Qianlong
84%
1875-1908 Guangxu
64%
1722-1735 Yongzheng
63%
1820-1850 Daoguang
59%
1644-1661 Shunzhi
59%
1796-1820 Jiaqing
55%
1850-1861 Xianfeng
55%
1861-1875 Tongzhi
54%
No matching quizzes found
Score Distribution
Percent of People with Each Score
Percentile by Number Answered
Your Score History
You have not taken this quiz